[Event "Northumbria Masters"]
[Site "Newcastle upon Tyne, ENG"]
[Date "2019.08.25"]
[Round "5.8"]
[White "Storey, Charles H"]
[Black "Gogia, Armaan"]
[Result "0-1"]
[WhiteElo "2261"]
[BlackElo "1754"]
[PlyCount "102"]
[EventDate "2019.08.23"]
[EventRounds "9"]
[EventCountry "ENG"]
[SourceTitle "BritBase"]
[Source "John Saunders"]
[SourceDate "2021.08.31"]
[SourceVersion "1"]
[SourceVersionDate "2021.08.31"]
[SourceQuality "1"]

1. g3 Nf6 2. Bg2 g6 3. c4 Bg7 4. Nc3 O-O 5. d3 c5 6. Be3 d6 7. Qc1 Nc6 8. Bh6
Bf5 9. Bxc6 bxc6 10. e4 Be6 11. h4 Bxh6 12. Qxh6 Ng4 13. Qd2 h5 14. f3 Ne5 15.
g4 Rb8 16. b3 Qa5 17. gxh5 Rxb3 18. axb3 Qxa1+ 19. Kf2 Qb2 20. Qxb2 Nxd3+ 21.
Ke3 Nxb2 22. Rh2 Nxc4+ 23. bxc4 Bxc4 24. hxg6 fxg6 25. Rg2 Kf7 26. Rb2 Rh8 27.
Rb7 Rxh4 28. Rc7 d5 29. Kf2 Rh2+ 30. Kg3 Rc2 31. exd5 Rxc3 32. dxc6 Bd5 33. Rc8
Ke6 34. c7 Bxf3 35. Nxf3 Kd7 36. Rg8 Kxc7 37. Rxg6 a5 38. Kf4 a4 39. Ng5 a3 40.
Ra6 Kb7 41. Ra4 Kb6 42. Ne4 Rh3 43. Nf2 Rh4+ 44. Ng4 Rh3 45. Ne3 e5+ 46. Kxe5
Rxe3+ 47. Kd5 Kb5 48. Ra8 Rd3+ 49. Ke4 Rd4+ 50. Ke3 Ra4 51. Rb8+ Kc4 0-1

[Event "Northumbria Masters"]
[Site "Newcastle upon Tyne, ENG"]
[Date "2019.08.25"]
[Round "5.9"]
[White "Villiers, Thomas"]
[Black "Stoyanov, Viktor"]
[Result "1-0"]
[WhiteElo "2218"]
[BlackElo "2207"]
[PlyCount "115"]
[EventDate "2019.08.23"]
[EventRounds "9"]
[EventCountry "ENG"]
[SourceTitle "BritBase"]
[Source "John Saunders"]
[SourceDate "2021.08.31"]
[SourceVersion "1"]
[SourceVersionDate "2021.08.31"]
[SourceQuality "1"]

1. Nf3 Nf6 2. e3 g6 3. b3 Bg7 4. Bb2 O-O 5. c4 c5 6. Be2 Nc6 7. O-O b6 8. Nc3
Bb7 9. Rc1 d5 10. Nxd5 Nxd5 11. Bxg7 Kxg7 12. cxd5 Qxd5 13. Qc2 Rfd8 14. Rfd1
Rac8 15. Bc4 Qd6 16. Qb2+ Qf6 17. Qxf6+ Kxf6 18. Kf1 Nb4 19. a3 Nd3 20. Rc2 e5
21. Ne1 Nxe1 22. Rxe1 Be4 23. Rb2 Bd3+ 24. Bxd3 Rxd3 25. Rc1 Ke6 26. Ke2 Rcd8
27. Rc3 e4 28. Rbc2 f5 29. f3 Rxc3 30. Rxc3 a5 31. fxe4 fxe4 32. d3 exd3+ 33.
Rxd3 Rc8 34. Rc3 b5 35. Kd3 Kd5 36. e4+ Kc6 37. Ke3 Ra8 38. a4 bxa4 39. bxa4
Rb8 40. Kd3 Rd8+ 41. Ke3 Rd4 42. Ra3 Kd6 43. Rd3 Rxd3+ 44. Kxd3 Ke5 45. Kc4
Kxe4 46. Kxc5 Ke3 47. Kb5 Kf2 48. g4 h5 49. gxh5 gxh5 50. h4 Kg3 51. Kxa5 Kxh4
52. Kb4 Kg3 53. a5 h4 54. a6 h3 55. a7 Kg2 56. a8=Q+ Kg1 57. Qg8+ Kh1 58. Qf7
1-0

[Event "Northumbria Masters"]
[Site "Newcastle upon Tyne, ENG"]
[Date "2019.08.25"]
[Round "5.10"]
[White "Hutchinson, Paul A"]
[Black "Berry, Neil"]
[Result "0-1"]
[WhiteElo "2177"]
[BlackElo "2207"]
[PlyCount "90"]
[EventDate "2019.08.23"]
[EventRounds "9"]
[EventCountry "ENG"]
[SourceTitle "BritBase"]
[Source "John Saunders"]
[SourceDate "2021.08.31"]
[SourceVersion "1"]
[SourceVersionDate "2021.08.31"]
[SourceQuality "1"]

1. e4 e5 2. f4 exf4 3. Nf3 d5 4. exd5 Nf6 5. Bc4 Nxd5 6. Bxd5 Qxd5 7. O-O Be7
8. d4 Qd6 9. Nc3 Bg4 10. Qd3 Nc6 11. Nb5 Qd7 12. d5 Bxf3 13. Qxf3 Ne5 14. Qe2
Ng6 15. Bxf4 Nxf4 16. Rxf4 O-O 17. c4 Bc5+ 18. Kh1 Rae8 19. Re4 Rxe4 20. Qxe4
Re8 21. Qf4 Qe7 22. Rf1 a6 23. Nc3 Bd6 24. Qf2 f6 25. g3 b6 26. Kg2 Bb4 27. Rc1
Qd7 28. Rc2 Re5 29. Qf3 Qe7 30. Nd1 Bc5 31. b3 g6 32. Rd2 Rf5 33. Qe2 Re5 34.
Qf3 Re1 35. Nf2 Re3 36. Qf4 f5 37. Nd1 Re2+ 38. Kh3 Bd6 39. Qd4 Re4 40. Qf2 f4
41. Nc3 Re3 42. Re2 Qd7+ 43. Kg2 f3+ 44. Kg1 fxe2 45. Nxe2 Bc5 0-1

[Event "Northumbria Masters"]
[Site "Newcastle upon Tyne, ENG"]
[Date "2019.08.25"]
[Round "5.11"]
[White "Fitzsimons, David"]
[Black "Burrows, Martin P"]
[Result "1-0"]
[WhiteElo "2317"]
[BlackElo "2121"]
[PlyCount "37"]
[EventDate "2019.08.23"]
[EventRounds "9"]
[EventCountry "ENG"]
[SourceTitle "BritBase"]
[Source "John Saunders"]
[SourceDate "2021.08.31"]
[SourceVersion "1"]
[SourceVersionDate "2021.08.31"]
[SourceQuality "1"]

1. e4 c5 2. Nf3 d6 3. Nc3 a6 4. g3 Nf6 5. Bg2 Nc6 6. O-O g6 7. d4 Bg4 8. dxc5
dxc5 9. Be3 Qa5 10. Qe1 Bg7 11. Nd2 Nd4 12. Nb3 Qb6 13. e5 Nd7 14. Nd5 Qd8 15.
Nxd4 Nxe5 16. Bf4 Qd6 17. Nb3 g5 18. Bxe5 Bxe5 19. Na5 1-0

[Event "Northumbria Masters"]
[Site "Newcastle upon Tyne, ENG"]
[Date "2019.08.25"]
[Round "5.12"]
[White "Ratnesan, Ranesh"]
[Black "Abdulla, Murad"]
[Result "0-1"]
[WhiteElo "2098"]
[BlackElo "2265"]
[PlyCount "116"]
[EventDate "2019.08.23"]
[EventRounds "9"]
[EventCountry "ENG"]
[SourceTitle "BritBase"]
[Source "John Saunders"]
[SourceDate "2021.08.31"]
[SourceVersion "1"]
[SourceVersionDate "2021.08.31"]
[SourceQuality "1"]

1. d4 Nf6 2. c4 c5 3. d5 b5 4. a4 Qa5+ 5. Bd2 b4 6. Qc2 d6 7. e4 g6 8. Bd3 Bg7
9. h3 e6 10. Nf3 e5 11. Be3 Na6 12. b3 Bd7 13. Nbd2 h6 14. Nf1 O-O-O 15. Kd1
Rdf8 16. Ng3 Ng8 17. Ra2 Ne7 18. Ne1 Qd8 19. Kc1 Qe8 20. f4 f5 21. exf5 gxf5
22. Be2 h5 23. h4 Qg6 24. Rh3 e4 25. Qd1 Be8 26. Nf1 Nb8 27. g3 Nd7 28. Nc2 Bf7
29. Bg1 Kb8 30. Nfe3 Rc8 31. Bf2 Bf6 32. Kb1 a5 33. Qd2 {(=)} Nb6 34. Rh1 Bc3
35. Qc1 Rc7 36. Nd1 Bg7 37. Nce3 Rhc8 38. Nb2 Bd4 39. Nbd1 Qg7 40. Rh2 Ka7 41.
Bf1 Qf6 42. Be1 Qg7 43. Rhg2 Bxd5 44. cxd5 c4 45. Bxc4 Nbxd5 46. Qd2 Nb6 47.
Rc2 d5 48. Bb5 Bc3 49. Qc1 d4 50. Nc4 Nxc4 51. Bxc4 Bxe1 52. Be6 Bc3 53. Bxc8
Rxc8 54. Nb2 d3 55. Rcd2 Bxd2 56. Qxd2 Nd5 57. Nc4 Qd4 58. Rg1 Qxg1+ 0-1

[Event "Northumbria Masters"]
[Site "Newcastle upon Tyne, ENG"]
[Date "2019.08.25"]
[Round "5.13"]
[White "Chipanga, Takaedza"]
[Black "Mosnegutu, Klauss"]
[Result "0-1"]
[WhiteElo "2029"]
[BlackElo "2230"]
[PlyCount "103"]
[EventDate "2019.08.23"]
[EventRounds "9"]
[EventCountry "ENG"]
[SourceTitle "BritBase"]
[Source "John Saunders"]
[SourceDate "2021.08.31"]
[SourceVersion "1"]
[SourceVersionDate "2021.08.31"]
[SourceQuality "1"]

1. d4 Nf6 2. c4 e6 3. g3 Bb4+ 4. Nd2 c5 5. Ngf3 cxd4 6. a3 Qa5 7. Nxd4 Bc5 8.
N4b3 Bxf2+ 9. Kxf2 Ng4+ 10. Ke1 Qa4 11. Ne4 O-O 12. h3 Ne5 13. Nbd2 Qc6 14. Bg2
d5 15. cxd5 exd5 16. Nc3 Qg6 17. Kf2 Qb6+ 18. Kf1 Be6 19. Nf3 Nbc6 20. Nxe5
Nxe5 21. Bf4 Ng6 22. Qd2 Rfe8 23. e3 Nxf4 24. gxf4 d4 25. exd4 Bc4+ 26. Kg1
Rad8 27. Kh2 Rxd4 28. Qf2 Qf6 29. Rhe1 Rf8 30. Re4 Rxe4 31. Nxe4 Qh6 32. Rd1
Qh5 33. Rd2 b6 34. Ng3 Qb5 35. Qd4 h6 36. Qe5 Qxe5 37. fxe5 Re8 38. Rd4 Be6 39.
Bc6 Rc8 40. Be4 g6 41. b4 Kg7 42. h4 h5 43. Ne2 Bg4 44. Nf4 Rc3 45. a4 Ra3 46.
b5 Kh6 47. e6 fxe6 48. Bc6 Bf3 49. Rd3 Rxd3 50. Nxd3 Bd1 51. Nb2 Bc2 52. Kg3
0-1

[Event "Northumbria Masters"]
[Site "Newcastle upon Tyne, ENG"]
[Date "2019.08.25"]
[Round "5.14"]
[White "Clark, Robert G"]
[Black "Dong, Bao Nghia"]
[Result "0-1"]
[WhiteElo "2060"]
[BlackElo "2217"]
[PlyCount "60"]
[EventDate "2019.08.23"]
[EventRounds "9"]
[EventCountry "ENG"]
[SourceTitle "BritBase"]
[Source "John Saunders"]
[SourceDate "2021.08.31"]
[SourceVersion "1"]
[SourceVersionDate "2021.08.31"]
[SourceQuality "1"]

1. e4 e6 2. d4 d5 3. Nc3 dxe4 4. Nxe4 Bd7 5. Nf3 Bc6 6. Bd3 Nd7 7. O-O Ngf6 8.
Ng3 g6 9. Re1 Bg7 10. c3 O-O 11. Bf4 Re8 12. Ne5 Nd5 13. Nxc6 bxc6 14. Be3 Rb8
15. Rb1 c5 16. Bc2 Nxe3 17. fxe3 cxd4 18. exd4 c5 19. dxc5 Nxc5 20. Qxd8 Rexd8
21. Nf1 a5 22. Kf2 a4 23. Ke2 a3 24. b4 Nd7 25. Rb3 Nb6 26. Ne3 Na4 27. Nd1
Rbc8 28. b5 Bxc3 29. Nxc3 Nxc3+ 30. Kf3 Nxb5 0-1

[Event "Northumbria Masters"]
[Site "Newcastle upon Tyne, ENG"]
[Date "2019.08.25"]
[Round "5.15"]
[White "Han, Yichen"]
[Black "Jaufarally, Nadia"]
[Result "1/2-1/2"]
[WhiteElo "2205"]
[BlackElo "1934"]
[PlyCount "119"]
[EventDate "2019.08.23"]
[EventRounds "9"]
[EventCountry "ENG"]
[SourceTitle "BritBase"]
[Source "John Saunders"]
[SourceDate "2021.08.31"]
[SourceVersion "1"]
[SourceVersionDate "2021.08.31"]
[SourceQuality "1"]

1. d4 Nf6 2. Nf3 g6 3. Bg5 Bg7 4. Nbd2 d6 5. c3 O-O 6. e4 Nbd7 7. Bc4 e5 8. O-O
Qe8 9. dxe5 dxe5 10. h3 h6 11. Bxf6 Nxf6 12. Qe2 Nh5 13. Qe3 Nf4 14. Rfe1 Bd7
15. Bf1 b6 16. Kh2 Qe6 17. Ng1 g5 18. g3 Ng6 19. Be2 Qe7 20. Rad1 Kh8 21. Bf3
Rad8 {(=)} 22. Qe2 Be6 23. Nc4 Rxd1 24. Rxd1 Rd8 25. Ne3 Rxd1 26. Qxd1 Qd7 27.
Qxd7 Bxd7 28. Ne2 Bf8 29. b4 Kg7 30. a3 f6 31. Bg4 Bb5 32. c4 Be8 33. Nc3 a5
34. Nc2 axb4 35. axb4 c6 36. Na4 b5 37. cxb5 cxb5 38. Nc3 Ne7 39. Be2 Nc6 40.
Nd5 Bf7 41. Bxb5 Bxd5 42. exd5 Nxb4 43. Ne3 Bc5 44. d6 Bxe3 45. fxe3 Kf7 46.
Kg2 Ke6 47. d7 Ke7 48. Kf3 Nd5 49. Bc6 Nb4 50. Bb5 Nd5 51. e4 Nc7 52. Bc6 Ne6
53. Kg4 Nd4 54. Ba4 Ne2 55. Bb5 h5+ 56. Kxh5 Nxg3+ 57. Kg6 Nxe4 58. Bc6 Nf2 59.
d8=Q+ Kxd8 60. Kxf6 1/2-1/2

[Event "Northumbria Masters"]
[Site "Newcastle upon Tyne, ENG"]
[Date "2019.08.25"]
[Round "5.16"]
[White "French, Max"]
[Black "Johnson, Paul A"]
[Result "1-0"]
[WhiteElo "2172"]
[BlackElo "1796"]
[PlyCount "67"]
[EventDate "2019.08.23"]
[EventRounds "9"]
[EventCountry "ENG"]
[SourceTitle "BritBase"]
[Source "John Saunders"]
[SourceDate "2021.08.31"]
[SourceVersion "1"]
[SourceVersionDate "2021.08.31"]
[SourceQuality "1"]

1. d4 d5 2. c4 e6 3. Nc3 Nf6 4. cxd5 exd5 5. Bg5 Be7 6. e3 O-O 7. Bd3 Nbd7 8.
Nf3 c6 9. Qc2 Re8 10. O-O Nf8 11. Rab1 Ng6 12. b4 Ne4 13. Bxe7 Qxe7 14. b5 Bg4
15. Bxe4 dxe4 16. Nd2 Bf5 17. bxc6 bxc6 18. Ne2 Rac8 19. Ng3 Nh4 20. Rfc1 Qe6
21. Rb7 Bh3 22. Qxe4 Qxa2 23. Qxh4 Qxd2 24. Rcb1 Bxg2 25. Kxg2 Rxe3 26. Qf4
Rxg3+ 27. hxg3 Qa2 28. Rb8 Qd5+ 29. Kg1 Rf8 30. Rxf8+ Kxf8 31. Rb8+ Ke7 32.
Rb7+ Ke8 33. Qb8+ Qd8 34. Qxa7 1-0

[Event "Northumbria Masters"]
[Site "Newcastle upon Tyne, ENG"]
[Date "2019.08.25"]
[Round "5.17"]
[White "Balaji, Aaravamudhan"]
[Black "Brown, Martin"]
[Result "1-0"]
[WhiteElo "2043"]
[BlackElo "2265"]
[PlyCount "130"]
[EventDate "2019.08.23"]
[EventRounds "9"]
[EventCountry "ENG"]
[SourceTitle "BritBase"]
[Source "John Saunders"]
[SourceDate "2021.08.31"]
[SourceVersion "1"]
[SourceVersionDate "2021.08.31"]
[SourceQuality "1"]

1. d4 Nf6 2. c4 e6 3. Nc3 Bb4 4. Qc2 O-O 5. Bg5 c5 6. dxc5 Qa5 7. Bd2 Qxc5 8.
e3 Qc7 9. Nf3 Be7 10. Bd3 b6 11. Nb5 Qd8 12. Bc3 g6 13. O-O d6 14. Nbd4 a6 15.
b4 Bb7 16. Ng5 e5 17. Nb3 Nbd7 18. Ne4 Rc8 19. Nxf6+ Bxf6 20. Be2 Qc7 21. Rac1
Bg7 22. Rfd1 Nf6 23. Bb2 Qb8 24. Qd3 Rfd8 25. a4 Qa8 26. Bf1 Bc6 27. Ra1 Bb7
28. a5 b5 29. cxb5 Be4 30. Qe2 Bc2 31. Nd2 Bxd1 32. Qxd1 axb5 33. Bxb5 Qb7 34.
Qa4 Rb8 35. Bc6 Qxb4 36. Qxb4 Rxb4 37. Bc3 Rbb8 38. a6 Rbc8 39. Ba5 Rf8 40. Bb7
d5 41. Bb4 Rfe8 42. Bxc8 Rxc8 43. a7 Ra8 44. Nb3 Nd7 45. Ra6 Bf8 46. Bxf8 Kxf8
47. Na5 Nc5 48. Rc6 Nb7 49. Nb3 Rxa7 50. Rc7 Ke8 51. g3 d4 52. exd4 exd4 53.
Kg2 d3 54. Kf3 d2 55. Ke2 h5 56. h4 Kf8 57. Nxd2 Kg7 58. Rd7 Kf8 59. f3 Ke8 60.
Rc7 Kf8 61. Nc4 Ra2+ 62. Ke3 Nd8 63. Nd6 Ra3+ 64. Ke4 Ra6 65. Rd7 f5+ 1-0

[Event "Northumbria Masters"]
[Site "Newcastle upon Tyne, ENG"]
[Date "2019.08.25"]
[Round "5.18"]
[White "Eggleston, Thomas A"]
[Black "Izod, Chris"]
[Result "1/2-1/2"]
[WhiteElo "2170"]
[BlackElo "1943"]
[PlyCount "118"]
[EventDate "2019.08.23"]
[EventRounds "9"]
[EventCountry "ENG"]
[SourceTitle "BritBase"]
[Source "John Saunders"]
[SourceDate "2021.08.31"]
[SourceVersion "1"]
[SourceVersionDate "2021.08.31"]
[SourceQuality "1"]

1. e4 e6 2. d4 d5 3. exd5 exd5 4. c4 Nf6 5. Nc3 Bb4 6. Nf3 O-O 7. Bd3 Re8+ 8.
Be3 dxc4 9. Bxc4 Bg4 10. Qb3 Qe7 11. Ne5 Bh5 12. O-O Nc6 13. Nxc6 bxc6 14. h3
Bd6 15. Qa4 Qd7 16. Qa5 Bg6 17. Rfe1 Rab8 18. Qg5 Rxb2 19. Na4 Ne4 20. Qg4 Bf5
21. Qf3 Rb4 22. Bb3 Rb5 23. Rad1 Bb4 24. Nc5 Qc8 25. Rf1 Nxc5 26. dxc5 Ra5 27.
Qxc6 Be4 28. Qd7 Bg6 29. c6 Bd6 30. Rxd6 cxd6 31. Qxd6 Rd8 32. Qb4 Ra6 33. Ba4
Rxc6 34. Bxc6 Qxc6 35. Qe7 Qd7 36. Qxd7 Rxd7 37. Rc1 h6 38. Rc8+ Kh7 39. Ra8
Be4 40. Rxa7 Rxa7 41. Bxa7 Bc6 42. g3 Kg6 43. Kf1 Kf5 44. Ke2 Ke4 45. f3+ Ke5
46. Ke3 g6 47. g4 f5 48. Bd4+ Ke6 49. Bg7 h5 50. gxh5 gxh5 51. Kf4 Kf7 52. Bc3
Ke6 53. Kg3 Kf7 54. f4 Ba4 55. Kf2 Ke6 56. Ke3 Bb5 57. Kd4 Bf1 58. h4 Kf6 59.
Bb4 Ke6 1/2-1/2

[Event "Northumbria Masters"]
[Site "Newcastle upon Tyne, ENG"]
[Date "2019.08.25"]
[Round "5.19"]
[White "Yoon, Jacob D"]
[Black "Birtwistle, Nigel"]
[Result "1/2-1/2"]
[WhiteElo "1987"]
[BlackElo "2136"]
[PlyCount "109"]
[EventDate "2019.08.23"]
[EventRounds "9"]
[EventCountry "ENG"]
[SourceTitle "BritBase"]
[Source "John Saunders"]
[SourceDate "2021.08.31"]
[SourceVersion "1"]
[SourceVersionDate "2021.08.31"]
[SourceQuality "1"]

1. d4 Nf6 2. Nc3 c5 3. d5 g6 4. Nf3 Bg7 5. e4 d6 6. Be2 O-O 7. O-O a6 8. a4
Nbd7 9. Nd2 Rb8 10. a5 Ne8 11. Nc4 Nc7 12. Bg5 Ne5 13. Ne3 h6 14. Bh4 g5 15.
Bg3 Ng6 16. Bh5 b5 17. axb6 Rxb6 18. Bxg6 fxg6 19. Nc4 Rb4 20. Qe2 Bd7 21. e5
Bb5 22. Nxb5 axb5 23. exd6 exd6 24. Nxd6 Rxb2 25. Rad1 Kh7 26. Nb7 Qd7 27. Nxc5
Qf5 28. Bxc7 Rxc2 29. Qd3 Rxc5 30. Bd6 Rc3 31. Qxb5 Rd8 32. Bg3 h5 33. h3 h4
34. Bh2 g4 35. hxg4 Qxg4 36. d6 h3 37. Bg3 hxg2 38. Kxg2 Qf3+ 39. Kg1 Qg4 40.
Kg2 Qf3+ 41. Kh2 Rf8 42. Qd5 Qg4 43. d7 Rd8 44. Kg2 g5 45. Rh1+ Kg6 46. Rhe1
Ra3 47. Re6+ Bf6 48. Rxf6+ Kxf6 49. Qd6+ Kf7 50. Qxa3 Qxd1 51. Qa2+ Ke7 52. Qa5
Qg4 53. Qe5+ Kxd7 54. Qd6+ Ke8 55. Qg6+ 1/2-1/2

[Event "Northumbria Masters"]
[Site "Newcastle upon Tyne, ENG"]
[Date "2019.08.25"]
[Round "5.20"]
[White "Lam, Paul G M"]
[Black "Gayson, Peter M"]
[Result "1-0"]
[WhiteElo "2118"]
[BlackElo "2069"]
[PlyCount "101"]
[EventDate "2019.08.23"]
[EventRounds "9"]
[EventCountry "ENG"]
[SourceTitle "BritBase"]
[Source "John Saunders"]
[SourceDate "2021.08.31"]
[SourceVersion "1"]
[SourceVersionDate "2021.08.31"]
[SourceQuality "1"]

1. Nc3 c5 2. Nf3 e6 3. d4 cxd4 4. Nxd4 a6 5. g3 Nc6 6. Bg2 Nf6 7. O-O Qc7 8. e4
Be7 9. b3 O-O 10. Bb2 d6 11. Nce2 Bd7 12. c4 Rac8 13. Rc1 Qb8 14. Nc2 Rfd8 15.
Ne3 b5 16. Nf4 Ne5 17. Nh5 bxc4 18. f4 Nxh5 19. fxe5 g6 20. Qf3 Be8 21. Nxc4
dxe5 22. Bxe5 Qa7+ 23. Kh1 Bg5 24. Rce1 Bb5 25. h4 Bxc4 26. bxc4 Bh6 27. g4 Bg7
28. Bh2 Nf6 29. h5 Ne8 30. Bg1 Qc7 31. c5 Rd7 32. e5 Rd5 33. h6 Bh8 34. Qb3 Rd2
35. c6 Rb8 36. Qf3 Rbb2 37. Rf2 Rxf2 38. Bxf2 Bxe5 39. Rf1 Nf6 40. g5 Nd5 41.
Qa3 Qxc6 42. Bg3 Re2 43. Qf3 Bf4 44. Bxf4 Rxa2 45. Be5 Qd7 46. Qb3 Qb5 47. Qxa2
Ne3 48. Qd2 Qb6 49. Rc1 Kf8 50. Rc8+ Ke7 51. Bf6# 1-0

[Event "Northumbria Masters"]
[Site "Newcastle upon Tyne, ENG"]
[Date "2019.08.25"]
[Round "5.21"]
[White "Metcalfe, Charlie P"]
[Black "Shaw, Peter"]
[Result "0-1"]
[WhiteElo "1739"]
[BlackElo "2076"]
[PlyCount "102"]
[EventDate "2019.08.23"]
[EventRounds "9"]
[EventCountry "ENG"]
[SourceTitle "BritBase"]
[Source "John Saunders"]
[SourceDate "2021.08.31"]
[SourceVersion "1"]
[SourceVersionDate "2021.08.31"]
[SourceQuality "1"]

1. d4 f5 2. g3 Nf6 3. Bg2 e6 4. c4 Be7 5. Nc3 O-O 6. Nh3 d6 7. Nf4 c6 8. d5 e5
9. dxc6 bxc6 10. Nfd5 Nxd5 11. Nxd5 Be6 12. Nxe7+ Qxe7 13. b3 a5 14. Ba3 Rd8
15. Rc1 Ra7 16. e4 f4 17. O-O c5 18. gxf4 exf4 19. e5 dxe5 20. Qh5 Bf7 21. Qf5
Bg6 22. Qg4 Na6 23. Rcd1 Rad7 24. Bd5+ Bf7 25. Bxf7+ Qxf7 26. Rxd7 Qxd7 27. Qg5
Re8 28. Bb2 Re6 29. Kh1 Qd3 30. Qg2 f3 31. Qh3 Re8 32. Rg1 g6 33. Qh5 Qe4 34.
Qg5 Nb4 35. Rg4 Qb1+ 36. Qc1 Qxc1+ 37. Bxc1 Nd3 38. Be3 Kf7 39. Rh4 h5 40. Rh3
e4 41. Rg3 Re5 42. h4 Nb4 43. Rg5 Rxg5 44. hxg5 Nxa2 45. Bxc5 Nc1 46. b4 axb4
47. Bxb4 Nd3 48. Bd2 Nxf2+ 49. Kh2 Ng4+ 50. Kg3 Ke6 51. Kf4 f2 0-1

[Event "Northumbria Masters"]
[Site "Newcastle upon Tyne, ENG"]
[Date "2019.08.25"]
[Round "5.22"]
[White "Kanyamarala, Trisha"]
[Black "Forster, Matthew"]
[Result "1/2-1/2"]
[WhiteElo "2238"]
[BlackElo "1833"]
[PlyCount "68"]
[EventDate "2019.08.23"]
[EventRounds "9"]
[EventCountry "ENG"]
[SourceTitle "BritBase"]
[Source "John Saunders"]
[SourceDate "2021.08.31"]
[SourceVersion "1"]
[SourceVersionDate "2021.08.31"]
[SourceQuality "1"]

1. d4 d5 2. c4 dxc4 3. e3 Nf6 4. Bxc4 e6 5. Nf3 a6 6. a4 c5 7. Nc3 Nc6 8. O-O
b6 9. Qe2 Bb7 10. Rd1 Qc7 11. d5 exd5 12. Bxd5 Be7 13. e4 O-O 14. e5 Ne8 15.
Bf4 Kh8 16. Bg3 Qc8 17. Bb3 Na5 18. Bc2 f5 19. exf6 Bxf6 20. Qd3 g6 21. Ne5 c4
22. Nxg6+ Kg7 23. Qd7+ Rf7 24. Qxc8 Rxc8 25. Nf4 Kg8 26. Nfe2 Ng7 27. Rd6 Rc6
28. Rdd1 Nh5 29. Be4 Nxg3 30. Nxg3 Re6 31. Bf5 Re5 32. f4 Re3 33. Bh3 Nb3 34.
Rab1 Bd4 1/2-1/2

[Event "Northumbria Masters"]
[Site "Newcastle upon Tyne, ENG"]
[Date "2019.08.25"]
[Round "5.23"]
[White "Mollison, Jamie"]
[Black "Holland, Christopher"]
[Result "1/2-1/2"]
[WhiteElo "1929"]
[BlackElo "2143"]
[PlyCount "35"]
[EventDate "2019.08.23"]
[EventRounds "9"]
[EventCountry "ENG"]
[SourceTitle "BritBase"]
[Source "John Saunders"]
[SourceDate "2021.08.31"]
[SourceVersion "1"]
[SourceVersionDate "2021.08.31"]
[SourceQuality "1"]

1. b3 c5 2. Bb2 Nc6 3. Nf3 d6 4. e3 e5 5. d4 cxd4 6. exd4 e4 7. Nfd2 d5 8. c4
Nf6 9. cxd5 Nb4 10. Bb5+ Bd7 11. Bxd7+ Qxd7 12. O-O Be7 13. Qe2 O-O 14. Nxe4
Qxd5 15. Nec3 Qxd4 16. Qxe7 Rfe8 17. Na4 Qf4 18. Qxb7 1/2-1/2

[Event "Northumbria Masters"]
[Site "Newcastle upon Tyne, ENG"]
[Date "2019.08.25"]
[Round "5.24"]
[White "Guha, Chirag"]
[Black "Milson, Samuel A"]
[Result "0-1"]
[WhiteElo "1876"]
[BlackElo "2103"]
[PlyCount "90"]
[EventDate "2019.08.23"]
[EventRounds "9"]
[EventCountry "ENG"]
[SourceTitle "BritBase"]
[Source "John Saunders"]
[SourceDate "2021.08.31"]
[SourceVersion "1"]
[SourceVersionDate "2021.08.31"]
[SourceQuality "1"]

1. d4 d5 2. c4 c6 3. Nf3 Nf6 4. g3 Bg4 5. Ne5 Bf5 6. Nc3 e6 7. Bg2 Nbd7 8. O-O
Bd6 9. Nf3 h6 10. b3 O-O 11. Bb2 Qe7 12. Nd2 Rad8 13. e4 dxe4 14. Ndxe4 Nxe4
15. Nxe4 Bxe4 16. Bxe4 Nf6 17. Bc2 Qc7 18. Re1 Rfe8 19. Qe2 Qa5 20. a3 Qg5 21.
b4 Bc7 22. Rad1 Qg4 23. Qf1 Nh7 24. h4 f5 25. Qg2 Nf6 26. Bd3 Qg6 27. Re2 Qh5
28. Rde1 e5 29. d5 e4 30. Bc2 Ng4 31. Bb3 cxd5 32. cxd5 Bb6 33. a4 a5 34. Bc3
f4 35. gxf4 Qxh4 36. bxa5 Bc5 37. f5 Kh8 38. Rc1 Bd6 39. Bb2 Re7 40. Bd4 Nh2
41. Bb2 Nf3+ 42. Kf1 Rf8 43. Rc4 Rxf5 44. Qg6 Qh1+ 45. Qg1 Qxg1# 0-1

[Event "Northumbria Masters"]
[Site "Newcastle upon Tyne, ENG"]
[Date "2019.08.25"]
[Round "5.25"]
[White "Turner, Max N"]
[Black "Ther, Mate"]
[Result "1-0"]
[WhiteElo "2012"]
[BlackElo "1955"]
[PlyCount "83"]
[EventDate "2019.08.23"]
[EventRounds "9"]
[EventCountry "ENG"]
[SourceTitle "BritBase"]
[Source "John Saunders"]
[SourceDate "2021.08.31"]
[SourceVersion "1"]
[SourceVersionDate "2021.08.31"]
[SourceQuality "1"]

1. d4 Nf6 2. c4 e6 3. Nc3 c5 4. d5 exd5 5. cxd5 d6 6. Nf3 g6 7. Bg5 Bg7 8. e3
a6 9. a4 O-O 10. h3 Re8 11. Be2 Qc7 12. O-O Nbd7 13. Nd2 Nb6 14. Bf3 Bd7 15.
Re1 Nc8 16. e4 Rb8 17. Nc4 b5 18. Nxd6 Nxd6 19. e5 b4 20. exd6 Rxe1+ 21. Qxe1
Qa5 22. Ne2 Ne8 23. Qd2 Rb6 24. Rc1 Nxd6 25. b3 Ne8 26. Be3 Bf8 27. Nf4 Rb8 28.
Nd3 Rc8 29. Ne5 Qd8 30. Qe2 a5 31. Nc6 Bxc6 32. dxc6 Qb6 33. Qc4 Nc7 34. Bxc5
Bxc5 35. Qxc5 Qxc5 36. Rxc5 Ra8 37. Rb5 Nxb5 38. axb5 a4 39. bxa4 b3 40. c7 b2
41. Be4 Re8 42. b6 1-0

[Event "Northumbria Masters"]
[Site "Newcastle upon Tyne, ENG"]
[Date "2019.08.25"]
[Round "5.26"]
[White "Brett, Andrew R"]
[Black "Van Den Bersselaar, Jeroen"]
[Result "0-1"]
[WhiteElo "2118"]
[BlackElo "2188"]
[PlyCount "82"]
[EventDate "2019.08.23"]
[EventRounds "9"]
[EventCountry "ENG"]
[SourceTitle "BritBase"]
[Source "John Saunders"]
[SourceDate "2021.08.31"]
[SourceVersion "1"]
[SourceVersionDate "2021.08.31"]
[SourceQuality "1"]

1. c4 e5 2. Nc3 Bb4 3. Nd5 Bc5 4. b4 Bf8 5. Bb2 c6 6. Ne3 f6 7. Qb3 a5 8. a3
Qb6 9. Nc2 axb4 10. axb4 Rxa1+ 11. Bxa1 Na6 12. b5 Nc5 13. Qb1 d5 14. cxd5 cxd5
15. g3 Bf5 16. f3 d4 17. Bh3 Bg6 18. d3 Qa5+ 19. Kf2 Qd2 20. Ne1 Ne7 21. Bb2
Nd5 22. Bc1 Qa5 23. Qb2 Nc3 24. Bd2 N5a4 25. Qb3 Nc5 26. Qc2 Bd6 27. e4 dxe3+
28. Bxe3 Qa3 29. Bd2 Nxb5 30. Qc4 Nd4 31. Ne2 b5 32. Qc3 b4 33. Qc1 O-O 34.
Nxd4 exd4 35. Qc4+ Kh8 36. Qc1 Qxc1 37. Bxc1 Nxd3+ 38. Nxd3 Bxd3 39. Bb2 Bc5
40. Rd1 Bc2 41. Rh1 d3+ 0-1

[Event "Northumbria Masters"]
[Site "Newcastle upon Tyne, ENG"]
[Date "2019.08.26"]
[Round "6.1"]
[White "Pruijssers, Roeland"]
[Black "Donchenko, Alexander"]
[Result "1/2-1/2"]
[WhiteElo "2534"]
[BlackElo "2618"]
[PlyCount "61"]
[EventDate "2019.08.23"]
[EventRounds "9"]
[EventCountry "ENG"]
[SourceTitle "BritBase"]
[Source "John Saunders"]
[SourceDate "2021.08.31"]
[SourceVersion "1"]
[SourceVersionDate "2021.08.31"]
[SourceQuality "1"]

1. e4 c5 2. Nf3 d6 3. d4 cxd4 4. Nxd4 Nf6 5. Nc3 a6 6. Be3 e5 7. Nb3 Be6 8. Qd2
Nbd7 9. O-O-O Be7 10. f3 h5 11. g3 Qc7 12. Kb1 Rc8 13. Rg1 b5 14. Nd5 Bxd5 15.
exd5 Nb6 16. Bxb6 Qxb6 17. Bh3 Rc4 18. Rge1 h4 19. Bg2 Nd7 20. f4 Rh6 21. Bf1
Ra4 22. Qc3 Kf8 23. Bh3 Nc5 24. fxe5 hxg3 25. exd6 Qxd6 26. Nxc5 Qxc5 27. Qxc5
Bxc5 28. Bd7 g6 29. hxg3 Bf2 30. Re8+ Kg7 31. c3 1/2-1/2